[Event "THA-chT Rapid"]
[Site "Bangkok"]
[Date "2021.12.14"]
[Round "9.1"]
[White "Ferrand, Sebastien"]
[Black "Chirakranont, Rawit"]
[Result "1-0"]
[WhiteElo "1714"]
[BlackElo "1029"]
[PlyCount "63"]
[EventDate "2021.12.13"]
[EventType "team-swiss (rapid)"]
[EventRounds "9"]
[EventCountry "THA"]
[SourceTitle "CBM 205 Extra"]
[Source "ChessBase"]
[SourceDate "2022.01.31"]
[SourceVersion "1"]
[SourceVersionDate "2022.01.31"]
[SourceQuality "1"]
[WhiteTeam "Happy Pawn"]
[BlackTeam "Henry and Winstons Angel"]
[WhiteTeamCountry "THA"]
[BlackTeamCountry "THA"]

1. e4 g6 2. d4 Bg7 3. c3 d6 4. Nf3 Nc6 5. Bc4 Bg4 6. h3 Bxf3 7. Qxf3 Nf6 8. Bf4 0-0 9. 0-0 e5 10. dxe5 dxe5 11. Bg5 Qe7 12. Na3 h6 13. Bh4 g5 14. Bg3 a6 15. Nc2 b5 16. Bb3 a5 17. Ne3 Qd7 18. Rad1 Qe7 19. Nf5 Qe8 20. Qe2 Rb8 21. Rd2 Ne7 22. Nxg7 Kxg7 23. Bxe5 Rb7 24. Rfd1 Nc6 25. Bxf6+ Kxf6 26. e5+ Qxe5 27. Qf3+ Kg7 28. Qxc6 Rbb8 29. Rd7 Rfc8 30. Rxf7+ Kh8 31. Qxh6+ Kg8 32. Qh7# 1-0

[Event "Pic d'Anie op 3rd"]
[Site "Pic d'Anie"]
[Date "2006.08.07"]
[Round "1"]
[White "Ferrand, Sebastien"]
[Black "Barillet, Lucien"]
[Result "1/2-1/2"]
[WhiteElo "1897"]
[BlackElo "1570"]
[PlyCount "48"]
[EventDate "2006.08.07"]
[EventType "swiss"]
[EventRounds "7"]
[EventCountry "FRA"]
[SourceTitle "CBM 113 Extra"]
[Source "ChessBase"]
[SourceDate "2006.09.14"]
[SourceVersion "1"]
[SourceVersionDate "2006.09.14"]
[SourceQuality "1"]

1. e4 c5 2. Nf3 d6 3. Bb5+ Bd7 4. Bxd7+ Qxd7 5. 0-0 Nc6 6. c3 Nf6 7. Re1 g6 8. d4 cxd4 9. cxd4 Bg7 10. Nc3 0-0 11. Bf4 Nh5 12. Be3 Nf6 13. Qd2 a6 14. Rad1 Qc7 15. Bh6 Rfd8 16. Bxg7 Kxg7 17. Qf4 e5 18. Qg3 b5 19. Nd5 Nxd5 20. exd5 Nxd4 21. Nxd4 exd4 22. Rxd4 Re8 23. Rdd1 Rxe1+ 24. Rxe1 Re8 1/2-1/2